000 00776nam a2200289Ia 4500
005 20260324112919.0
008 008 260324s9999 xx 000 0 eng d
020 _a9781003342953
037 _aEBOOK
040 _aCRL
040 _beng
040 _cCRL
041 _2eng
041 _aeng
084 _qCRL
100 _aMichael Solem; Kenneth Foote; Shannon O'Lear; LaToya Eaves; Jongwon Lee
_91144657
245 0 _aThriving in an Academic Career
245 3 _bAn International and Interdisciplinary Guide for Early Career Faculty
260 _bTaylor and Francis
260 _c2024
365 _a
365 _b220
856 _uhttp://www.taylorfrancis.com/books/9781003342953
942 _cEBOOK
999 _c1734045
_d1734045